000 00550nam a22001817a 4500
999 _c193885
_d193885
005 20221121111409.0
010 _aENG-135734
020 _c200.00
_a81-85-195-69-2
035 _aEN-119266
037 _bDBAD/PUB
082 _a200
100 _aChattopadhyaya, Rajgopal
245 _aWorld's Parliament of religions, 1893/
_cRajgopal Chattopadhyaya
260 _aCalcutta
_bRajgopal Chattopadhyaya
_c1995
270 _aBF-308, Salt Lake, Sector-1
_bCalcutta
_e700064
300 _a111p.
_c21cm(hbk)
942 _2ddc
_cEN
_mCHA
_h200